000 00559nam a22001937a 4500
003 LK-CoMWRAF
005 20240624135043.0
008 240311b |||||||| |||| 00| 0 eng d
020 _a9559611100
040 _aLK-CoMWRAF
_dLK-CoMWRAF
_eLK-CoMWRAF
041 _aeng
082 _a303.32
_bWIJ
100 _aWijesiri, Lalith Bandula
245 _aSocialization in school (discussed with reference to the Sri Lankan society)
260 _aColombo:
_b[Author],
_cn.d.
300 _avi., 24 p.
_bBibliography included
650 _aSOCIALIZATION
942 _cBK
999 _c4861
_d4861